000 00710nam a2200229 i 4500
001 C2-0304450
003 PPAK
005 20180728085528.0
008 100523s2001 my a|||| ||||| | may d
040 _aPPAK
_beng
_cPPAK
_erda
082 0 4 _a930.1
_223
090 0 0 _a930.1
_bJAN
_dKLB
100 0 _aJanariah Jaafar,
_eauthor
245 1 0 _aLaporan Jirat Lama Cina : Pekan Kota Kuala Muda, Mukim Kota, Daerah Kuala Muda, Kedah
264 1 _aKedah :
_bMuzium Arkeologi sungai Mas, Kuala Muda ,
_c[2001]
300 _a19 pages :
_bcolour illustrations ;
_c30 cm
336 _2rdacontent
_atext
337 _2rdamedia
_aunmediated
338 _2rdacarrier
_avolume
650 1 0 _aArchaeology
942 _ddc
_cB
999 _c107584
_d107584